| 000 | 00589nam a2200205Ia 4500 | ||
|---|---|---|---|
| 005 | 20260429111853.0 | ||
| 008 | 260429s9999||||xx |||||||||||||| ||und|| | ||
| 020 | _a9798887153834 | ||
| 041 | _aEnglish | ||
| 082 |
_a910.681 _bKEL |
||
| 100 | _aChristopher, Kelly | ||
| 245 | 0 |
_aOrganizational behaviour in tourism planning and management / _cKelly Christopher |
|
| 250 | _a1st ed. | ||
| 260 |
_aUnited Kingdom : _bOryson Press, _c2024. |
||
| 300 | _aviii, 321 p.; hb | ||
| 650 | _a Organizational behaviour | ||
| 650 | _a Tourism management | ||
| 650 | _aGeography | ||
| 942 | _cTB | ||
| 999 |
_c51215 _d51215 |
||